| 000 | 00344nam a22001337a 4500 | ||
|---|---|---|---|
| 082 |
_a944.04 _bLIL |
||
| 100 |
_aLilly, William Samuel _950235 |
||
| 245 | _aA century of revolution | ||
| 260 |
_aLondon _bChapman and hall _c1889 |
||
| 300 | _axxiv, 235 p; | ||
| 526 |
_a0 _b0 _c0 _d944_040000000000000_LIL |
||
| 650 |
_aMCE _9379 |
||
| 942 |
_2ddc _cBK |
||
| 999 |
_c552962 _d552962 |
||